000 01069nas a2200337 4500
001 BR0807814
003 BR-BrBNA
005 20231205112736.0
007 ta
008 230509b bl.|||p| |||| 00| 00por d
040 _aBR-BrBNA
_bpor
_cBiblioteca Nacional de Agricultura
041 _a(Pt)
072 _aL50; L40
100 1 _aFeitosa, M.M.
100 1 _aFeitosa, F.L.F.
100 1 _aKohayagawa, A.
100 1 _aCuri, P.R.
100 1 _aMogami, S.R.K.
245 1 _aAvaliação física, citológica de proteínas e determinação qualitativa de globulinas do líquor de cães normais e de cães com encefalite por cinomose
650 _aCÃO
650 _aBIOLOGIA ANIMAL
650 _aANATOMIA ANIMAL
650 _aFISIOLOGIA ANIMAL
650 _aCITOLOGIA
650 _aPROTEÍNA
650 _aENCEFALITE
650 _aCINOMOSE
773 0 _tBrazilian Journal of Veterinary Research and Animal Science (Brazil)
_xISSN 1413-9596
_g(1997), v. 34(3) p. 147151
_wBR0807814
909 _a202311
_bLúcia
_c55
_dLúcia Elande
942 _2AGRIS
_n0
_cANA
999 _c199707
_d199707